000 00753nam a2200229Ia 4500
003 GCL
008 140319s9999 xx 000 0 ara d
040 _aGCL /
_cGCL
082 0 4 _a791.437
_bر م
100 1 _aسمير غريب
245 1 0 _aالمهرجان القومى الاول للسينما المصرية /
_cسمير غريب
700 1 _aانعام عبدالحليم
260 _a[S.N] :
_bوزارة الثقافة صندوق التنمية الثقافية ،
_c1995
300 _a161 ص
490 _a
650 0 4 _aمصر
650 0 4 _aالافلام السينمائية
650 0 4 _aالسينما
650 0 4 _aالاخراج السينمائى
650 0 4 _aالسينمائيون المصريون
942 _2ddc
_cBK
999 _c36604
_d36604